| 000 | 00795nam a2200241 a 4500 | ||
|---|---|---|---|
| 999 |
_c7114 _d7114 |
||
| 001 | 1955 | ||
| 003 | BD-DhUAP | ||
| 005 | 20210113160150.0 | ||
| 008 | 210113s1988 ohua b 001 0 eng | ||
| 020 | _a0538055839 (pbk.) | ||
| 040 |
_aDLC _cDLC _dBD-DhUAP _beng |
||
| 082 | 0 | 0 |
_a651.8 HOU _223 |
| 100 | 1 | _aHousel, Thomas J. | |
| 245 | 1 | 0 |
_aIntroduction to telecommunications : _bthe business perspective / _cThomas J. Housel and William E. Darden. |
| 260 |
_aCincinnati : _bSouth-Western Pub. Co., _cc1988. |
||
| 300 |
_aviii, 277 pages : _billustrations ; _c24 cm. |
||
| 504 | _aIncludes bibliographies and index. | ||
| 650 | 0 | _aTelephone in business. | |
| 650 | 0 | _aTelecommunication systems. | |
| 650 | 0 |
_aBusiness _xCommunication systems. |
|
| 700 | 1 | _aDarden, William E. | |
| 942 |
_2ddc _cBK |
||